000 00391nam a2200145Ia 4500
008 200103s9999||||xx |||||||||||||| ||und||
020 _a9780070587939
040 _aIMU-MPC
082 _aColumn-17
100 _aAbramson, ian
245 0 _aOracle Database 10g: A beginner's guide
260 _bTata McGraw-Hill Publishing Company Ltd., New Delhi
_c2006
300 _axvii, 405
942 _cBK
999 _c6089
_d6089